Le Soudan-du-Sud pour les touristes... - Statistiques

Statistiques générales
  • Ce quiz a été pris 3 fois
  • Le résultat moyen est 6 sur 20
Statistiques - réponses
Question Indice Réponses % Correct
Quelle est la langue officielle ? Anglais
67%
La religion majoritaire est Christianisme
67%
Le principal aéroport est D Djouba
67%
Ce pays est plus grand que la France (oui/non) Oui
67%
Quel est le régime du pays ? R République
67%
Quel pays a accordé son indépendance à celui-ci ? Soudan
67%
Quel est le climat local ? T Tropical
67%
Dans la capitale quel est le décalage horaire avec Paris ? (+ ou - et chiffre) ex - 10 ou + 3,5 0
33%
Quelles sont les principaux lieux touristiques ? C {Cathédrale} de Tous les Saints
33%
Achats à faire 1/ Bracelet ou Collier
33%
Quelles sont les principaux lieux touristiques ? N {Nil} blanc
33%
Le suffixe internet est ss
33%
Quelles sont les principaux lieux touristiques ? K Djebel {Kujur}
0%
Quelle est la monnaie ? Livre sud-soudanaise
0%
Quelles sont les principaux lieux touristiques ? K K Marché de {Konyo konyo}
0%
Quelles sont les principaux lieux touristiques ? M Marché {Massaï} de Djouba
0%
Achats à faire 3/ Grands {paniers}
0%
Achats à faire 2/ Arme blanche Sabre
0%
Code sur les plaques minéralogiques SSD
0%
Achats à faire 4/Robe féminine Toube
0%
Aucun quiz correspondant
Distribution des résultats
% des personnes avec chaque résultat
Percentile par nombre de réponses
Votre historique - résultats
Vous n’avez pas pris ce quiz